000 01172nam0a22002771 4500
001 rc\3316187
005 20250609211456.0
021 _aRU
_b[75-51135]
035 _a(NLR Aleph) 007506645
090 _a7682742
_c7682742
100 _a20130115g19741975|||y0rusy50 ca
101 0 _arus
102 _aRU
105 _ay z |||||
200 1 _aТипология личности преступника и мотивация преступного поведения
_eУчеб. пособие
_fГорьк. высш. школа МВД СССР
210 _aГорький
_c[Горьк. высш. школа МВД СССР]
_d1974 [вып. дан. 1975]
215 _a167 с.
_d20
320 _aСписок лит.: с. 159-166
606 _aПреступники
_xИзучение личности
_2psbo
606 _aМотив преступления в советском праве
_2psbo
700 1 _7ca
_8rus
_aИгошев
_bК. Е.
_cд-р юрид. наук
_f1936-1990
_gКонстантин Еремеевич
_9233874
_3RU\NLR\AUTH\770233930
801 0 _aRU
_bNLR
_gpsbo
801 1 _aRU
_bELAR
_2rusmarc
852 _aNLR
_j75-3/3797
942 _cBOOK
980 _aNB